Djokovic, Nadal or Federer? - Statistics

General Stats
  • This quiz has been taken 74 times
  • The average score is 14 of 15
Answer Stats
Question Answer % Correct
Has won French Open the most times Rafael Nadal
100%
Is not retired (as of January 2025) Novak Djokovic
98%
Is Spanish Rafael Nadal
98%
Is the oldest Roger Federer
98%
Has won Wimbledon the most times Roger Federer
98%
Has won the most Grand Slam titles in singles Novak Djokovic
96%
Is known as "King of Clay" Rafael Nadal
96%
Is avid Real Madrid fan Rafael Nadal
96%
Is known as "El Matador" Rafael Nadal
94%
Has spent the most weeks as ATP number 1 ranked singles tennis player Novak Djokovic
92%
His wife was former professional female tennis player Roger Federer
90%
Has positive head-to-head score against the other two Novak Djokovic
88%
Didn't win the Olympic gold medal in singles Roger Federer
88%
Has four children (as of January 2025) Roger Federer
80%
Is the tallest Novak Djokovic
76%
No matching quizzes found
Score Distribution
Percent of People with Each Score
Percentile by Number Answered
Your Score History
You have not taken this quiz